Privatizácia a niektoré súvislosti prechodu na trhovú ekonomiku Otázky a odpovede

Na minha lista:
Detalhes bibliográficos
Autor principal: Bobaľa, Juraj
Formato: Livro
Idioma:eslovaco
Publicado em: Bratislava Alfa 1990
Edição:1. vyd.
Colecção:Edícia ekonomickej literatúry
Tags: Adicionar Tag
Sem tags, seja o primeiro a adicionar uma tag!

MARC

LEADER 00000nam a2200000 4500
001 c024073
005 20221215071251.6
041 0 |a slo 
044 |a SK 
245 1 0 |a Privatizácia a niektoré súvislosti prechodu na trhovú ekonomiku  |b Otázky a odpovede  |c Juraj Bobaľa 
250 |a 1. vyd. 
264 1 |a Bratislava  |b Alfa  |c 1990 
300 |a 87 s. 
490 1 |a Edícia ekonomickej literatúry 
830 0 |a Edícia ekonomickej literatúry 
100 1 |a Bobaľa, Juraj